Barbour Compendium (Record no. 83265)

MARC details
000 -LEADER
fixed length control field 00651cab a22002055a 4500
001 - CONTROL NUMBER
control field L153337
008 - FIXED-LENGTH DATA ELEMENTS--GENERAL INFORMATION
fixed length control field 110712e2008 xxk 000 0 eng d
020 ## - INTERNATIONAL STANDARD BOOK NUMBER
International Standard Book Number 978086382594X
035 ## - SYSTEM CONTROL NUMBER
System control number (Sirsi) u153337
041 0# - LANGUAGE CODE
Language code of text/sound track or separate title eng
110 2# - MAIN ENTRY--CORPORATE NAME
Corporate name or jurisdiction name as entry element Barbour
9 (RLIN) 5332
245 00 - TITLE STATEMENT
Title Barbour Compendium
Remainder of title 2008
250 0# - EDITION STATEMENT
Edition statement 32nd ed.
260 ## - PUBLICATION, DISTRIBUTION, ETC.
Place of publication, distribution, etc. Ascot
Name of publisher, distributor, etc. CMP
Date of publication, distribution, etc. 2008
300 ## - PHYSICAL DESCRIPTION
Extent v, 912p.
Other physical details ill.
Dimensions 26cm.
520 ## - SUMMARY, ETC.
Summary, etc. Directory of building products and over 7000 suppliers. Searchable by either product or supplier. Lists company details, trade names and useful addresses.
651 #4 - SUBJECT ADDED ENTRY--GEOGRAPHIC NAME
Geographic name United Kingdom
Chronological subdivision
690 ## - LOCAL SUBJECT ADDED ENTRY--TOPICAL TERM (OCLC, RLIN)
Topical term or geographic name as entry element BUILT ENVIRONMENT-BUILDING ELEMENTS
942 ## - ADDED ENTRY ELEMENTS (KOHA)
Suppress in OPAC 0
Holdings
Withdrawn status Lost status Source of classification or shelving scheme Damaged status Not for loan Home library Current library Shelving location Date acquired Total Checkouts Full call number Barcode Date last seen Copy number Price effective from Koha item type
    Dewey Decimal Classification     London London Books 12/07/2011   690 BAR 30075812 06/08/2019 1 06/08/2019 Book